| 000 | 00476nam a2200169Ia 4500 | ||
|---|---|---|---|
| 003 | OSt | ||
| 005 | 20201208132003.0 | ||
| 008 | 190216s9999||||xx |||||||||||||| ||und|| | ||
| 040 | _coclc | ||
| 082 |
_a894.812 _bKAR/A |
||
| 100 |
_aKarim, M A _97294 |
||
| 245 | 0 |
_aArchanagana Prastanam / _cM A Karim |
|
| 260 |
_bPoorna Publication, _c1990. _aKozhikode: |
||
| 300 | _a124p | ||
| 650 | _aNiroopanam | ||
| 942 |
_cBK _2ddc _h894.812 _iKAR/A _k894.812 _mKAR/A |
||
| 999 |
_c28218 _d28218 |
||